| 000 | | | 06199cmc2a2200000 x 450 |
| 001 | | | 89621b1f-7c44-4cd5-a660-49c7ff174db4 |
| 005 | | | 20151117120459.0 |
| 100 | ## | $a | 20140530l18821882k l0rusy0189 ca |
| 101 | 0# | $a | rus |
| 102 | ## | $a | RU |
| 200 | 1# | $a | Письмо Е. Ф. Тютчевой, фрейлины императрицы (подпись «Ек. Т.»), А. Ф. Благонравову, председателю съезда мировых судей Юрьевского округа Владимирской губернии (с обращением «Александр Федорович»), о желании крестьян села [Волствиново Юрьевского уезда Владимирской губернии] иметь свой причт, о посещении Москвы К. П. Победоносцевым |
| | $j | 26 февраля 1882 г. |
| 251 | ## | $c | Дело |
| 300 | ## | $a | Рукописный текст. Чернила |
| 300 | ## | $a | Оригинальный заголовок дела: Письмо неустановленного лица за подписью "Е. Т." неустановленному лицу с обращением "Александр Федорович". 26 февраля 1882 г |
| 801 | #0 | $a | RU |
| | $b | РГИА |
| | $c | 20140530 |
| 801 | #1 | $a | RU |
| | $b | ГлавНИВЦ |
| | $c | 20140530 |
| | $2 | rusmarc |
| 801 | #2 | $a | RU |
| | $b | ПБ им. Б.Н. Ельцина |
| | $c | 20151030 |
| | $g | RCR |
| | $2 | rusmarc |
| 850 | ## | $a | Федеральное казенное учреждение "Российский государственный исторический архив" |
| 852 | ## | $a | РГИА |
| | $j | 131 |
| 937 | ## | $h | РГИА |
| | $d | 11478653 |
| | $a | ASBIBLIO_SCAN |
| 461 | #0 | $1 | 0015e8db685-8d8d-4e3a-a7fe-5805b9da23ef |
| | $1 | 2001 |
| | $a | Победоносцев Константин Петрович (1827-1907) |
| | $1 | 251 |
| | $c | Фонд |
| | $1 | 852 |
| | $j | 1574 |
| 462 | #0 | $1 | 001a41a2499-c01d-4642-9306-12ecb1f7d3f5 |
| | $1 | 2001 |
| | $a | Личные материалы Константина Петровича Победоносцева |
| | $v | Д. 131 |
| | $1 | 251 |
| | $c | Опись |
| | $1 | 852 |
| | $j | 1 |
| 215 | ## | $a | 3 листа |
| | $d | 36,5х26 см |
| 371 | ## | $a | Документ не является опубликованным и широко распространяемым |
| 105 | ## | $a | y### |
| 122 | 0# | $a | d18820226## |
| 517 | 1# | $a | Письмо неустановленного лица за подписью "Е. Т." неустановленному лицу с обращением "Александр Федорович" |
| | $e | 26 февраля 1882 г. |
| 035 | ## | $a | 89621b1f-7c44-4cd5-a660-49c7ff174db4 |
| 601 | 02 | $a | Русская православная церковь |
| | $j | Документы и материалы |
| | $y | Владимирская губерния |
| | $2 | prlib_sh |
| | $3 | LIBNET\UAF\0000061032 |
| 600 | #1 | $a | Победоносцев |
| | $b | К.П. |
| | $f | 1827 – 1907 |
| | $g | Константин Петрович |
| | $j | Документы и материалы |
| | $2 | nlr_sh |
| | $3 | RU\NLR\AUTH\66321471 |
| 605 | ## | $a | Власть |
| | $l | коллекция |
| | $2 | acquisition_Prlib |
| | $3 | DITM\AF\0000002775 |
| 605 | ## | $a | Народ |
| | $l | коллекция |
| | $2 | acquisition_Prlib |
| | $3 | DITM\AF\0000003834 |
| 686 | ## | $a | 63.3(2)53ю1 |
| | $2 | rubbk |
| | $v | LBC/M |
| 686 | ## | $a | 63.3(28-8Вла)53ю1 |
| | $v | LBC/M |
| | $2 | rubbk |
| 686 | ## | $a | 86.372.24-353ю1 |
| | $2 | rubbk |
| | $v | LBC/M |
| 617 | ## | $c | Владимирская губерния |
| | $2 | prlib_sh |
| 617 | ## | $c | Владимирская область |
| | $2 | prlib_sh |
| 856 | 4# | $u | http://www.prlib.ru/Lib/pages/item.aspx?itemid=130916 |